Statistics for Eurovision Winners

Click here to take the quiz!

General Stats

  • This quiz has been taken 104 times
    (48 since last reset)
  • The average score is 29 of 69

Answer Stats

YearCountryAnswer% Correct
1974SwedenABBA
81%
2006FinlandLordi
76%
2012SwedenLoreen
76%
2021ItalyMåneskin
76%
2014AustriaConchita Wurst
73%
2010GermanyLena
73%
2018IsraelNetta
73%
2009NorwayAlexander Rybak
68%
2019NetherlandsDuncan Laurence
68%
1988SwitzerlandCéline Dion
65%
2016UkraineJamala
59%
1987Republic of IrelandJohnny Logan
59%
1980Republic of IrelandJohnny Logan
59%
2017PortugalSalvador Sobral
59%
1970Republic of IrelandDana
57%
2022UkraineKalush Orchestra
57%
1997United KingdomKatrina and the Waves
54%
2015SwedenMåns Zelmerlöw
54%
2004UkraineRuslana
54%
2008RussiaDima Bilan
51%
2013DenmarkEmmelie de Forest
51%
1998IsraelDana International
49%
1995NorwaySecret Garden
49%
1991SwedenCarola
46%
1956SwitzerlandLys Assia
46%
1982GermanyNicole
46%
2000DenmarkOlsen Brothers
46%
1986BelgiumSandra Kim
46%
1976United KingdomBrotherhood of Man
43%
2005GreeceHelena Paparizou
43%
1965LuxembourgFrance Gall
41%
1984SwedenHerreys
38%
1969United KingdomLulu
38%
2007SerbiaMarija Šerifović
38%
1985NorwayBobbysocks!
35%
2011AzerbaijanEll & Nikki
35%
1977FranceMarie Myriam
35%
2002LatviaMarie N
35%
1966AustriaUdo Jürgens
35%
1981United KingdomBucks Fizz
32%
1992Republic of IrelandLinda Martin
32%
2003TurkeySertab Erener
32%
1971MonacoSéverine
32%
1996Republic of IrelandEimear Quinn
30%
1978IsraelIzhar Cohen and the Alphabeta
30%
1969NetherlandsLenny Kuhr
30%
1968SpainMassiel
30%
1967United KingdomSandie Shaw
30%
2001EstoniaTanel Padar, Dave Benton and 2XL
30%
1975NetherlandsTeach-In
30%
1990ItalyToto Cutugno
30%
1958FranceAndre Claveau
27%
1973LuxembourgAnne-Marie David
27%
1999SwedenCharlotte Nilsson
27%
1969FranceFrida Boccara
27%
1979IsraelMilk and Honey with Gali Atari
27%
1989YugoslaviaRiva
27%
1969SpainSalomé
27%
1983LuxembourgCorinne Hermès
24%
1964ItalyGigliola Cinquetti
24%
1961LuxembourgJean-Claude Pascal
24%
1972LuxembourgVicky Leandros
24%
1957NetherlandsCorry Brokken
22%
1960FranceJacqueline Boyer
22%
1993Republic of IrelandNiamh Kavanagh
22%
1962FranceIsabelle Aubret
19%
1994Republic of IrelandPaul Harrington and Charlie McGettigan
19%
1959NetherlandsTeddy Scholten
16%
1963DenmarkGrethe and Jørgen Ingmann
11%

Score Distribution

Percentile by Number Answered

Percent of People with Each Score

Your Score History

You have not taken this quiz since the last reset